000 00433pab a2200169 454500
008 180718b2008 xxu||||| |||| 00| 0 eng d
100 _aSweeney, James A.
245 _aThe human rights of failed asylum seekers in the United Kingdom
260 _c2008
300 _ap.277-301.
362 _aSummer
650 _aHuman rights - Great Britain
650 _aHuman rights
773 _aPublic Law
908 _aN
909 _a82731
999 _c82731
_d82731